000 00466nam a2200157 i 4500
001 26948
003 ES-MaACL
005 20230906153529.0
007 t|
008 030113s1941 sp ||||1| spa d
100 1 _aAsensio García, Cándido.
_923587
245 1 0 _aCultura para el tuberculoso /
_cCándido Asensio García.
260 _aValladolid :
_b[s.n.,
_c1941] (
_fImprenta Aldus)
300 _a104 p. :
_bil. ;
_c17 cm.
852 _aES-MaACL
_jB-10519
_bR.23130
999 _c26948
_d26948